000
00282 a2200121 4500
001
74954
082
_a
910.01 DAS
090
_c
39086
_d
39086
100
_a
Das Gupta
245
_a
Principles of Physical Geography
_c
Gupta Das
260
_a
Delhi
_b
Chand & CO
_c
1983
300
_a
424
942
_a
caenust
_k
910.01 DAS
999
_c
310027
_d
310027